Prítomnosť ortuti v životnom a pracovnom prostredí a jej vplyv na zdravie človeka

Bibliographic Details
Main Author: Marková, Iveta, 1971- (Author)
Format: Article
Language:Slovak

MARC

LEADER 00000nab a2200000uu 4500
001 vtls011158391
003 SK-MaSNL
005 20260303104613.0
008 230121|2013 xo |||||||||||||||||slo|
015 |a SNBRB 
035 |a (urnnbn)urn:nbn:sk:snk:ar-a0ap0l 
035 |a (uuid)b5e018eb-78b6-4650-91c8-4cf2cb3e60ec 
035 |a urn:nbn:sk:snk-abb688 
040 |a SNKBUCL  |b slo  |c SNKBUCL  |e AACR2 
041 0 |a slo 
044 |a xo  |c SK 
100 1 |a Marková, Iveta,  |d 1971-  |4 aut  |9 187542 
245 1 0 |a Prítomnosť ortuti v životnom a pracovnom prostredí a jej vplyv na zdravie človeka  |c Iveta Marková 
773 0 |t Bezpečná práca : dvojmesačník pre teóriu a prax bezpečnosti práce  |g Roč. 44, č. 2 (2013), s. 3-7 
954 |a odborná, vedecká literatúra pôvodná (slovenská)  |2 lita 
958 |a OND 
958 |a EUIPO 
958 |a article14 
999 |c 1857613  |d 1859543